LEADER 01059nam0-2200361---450 001 990000935910203316 005 20210719151200.0 010 $a88-85987-76-1 035 $a0093591 035 $aUSA010093591 035 $a(ALEPH)000093591USA01 035 $a0093591 100 $a20020131d1997----km-y0ITAy01------ba 101 $aita 102 $aIT 105 $a00||| 200 1 $aNè destra nè sinistra$el'ideologia fascista in Francia$fZeev Sternhell$gtraduzione di Maria Grazia Meriggi 210 $aMilano$cBaldini & Castoldi$d[1997] 215 $a581 p.$d23 cm 225 2 $aI saggi$v87 410 0$12001$aI saggi$v87 454 1$12001$aNi droite, ni gauche$928367 606 $aFascismo$yFrancia$z1920-1940 676 $a320.5330944 700 1$aSTERNHELL,$bZeev$0134287 702 1$aMERIGGI,$bMaria Grazia 801 0$aIT$bsalbc$gISBD 912 $a990000935910203316 951 $aX.3.B. 2763(IV C COLL.439/87)$b132948 L.M.$cIV C COLL. 959 $aBK 969 $aUMA 996 $aNi droite, ni gauche$928367 997 $aUNISA LEADER 02752nas 2200853-a 450 001 996251294703316 005 20230222213018.0 011 $a1938-2715 035 $a(DE-599)ZDB2236674-X 035 $a(OCoLC)61312005 035 $a(CKB)954927718421 035 $a(CONSER)--2006264639 035 $a(EXLCZ)99954927718421 100 $a20050822a19909999 s-- a 101 0 $aeng 135 $aurunu|||||||| 181 $ctxt$2rdacontent 182 $cc$2rdamedia 183 $acr$2rdacarrier 200 14$aThe American journal of hospice & palliative care 210 $aWeston, MA $cPrime National Pub. Corp 210 3 $aThousand Oaks, Calif. $cSage Publications 215 $a1 online resource 300 $aRefereed/Peer-reviewed 311 $a1049-9091 517 3 $aAmerican journal of hospice and palliative care 517 1 $aAmerican journal of hospice & palliative medicine 517 3 $aAmerican journal of hospice and palliative medicine 531 $aAM J HOSP PALLIAT CARE 531 $aAM. J. HOSP. PALLIAT. MED. 531 $aAM. J. HOSP. PALLIAT. MED 531 10$aAm. J. Hosp. Palliat. Care 606 $aHospice care$vPeriodicals 606 $aTerminal care$vPeriodicals 606 $aPalliative treatment 606 $aPalliative treatment$vPeriodicals 606 $aHospices 606 $aPalliative Care 606 $aTerminal Care 606 $aSoins en phase terminale$vPériodiques 606 $aSoins palliatifs$vPériodiques 606 $aÉquipements de soins en phase terminale 606 $aSoins palliatifs 606 $aSoins en phase terminale 606 $aterminal care facilities$2aat 606 $aPalliative treatment$2fast$3(OCoLC)fst01051719 606 $aHospice care$2fast$3(OCoLC)fst00960872 606 $aTerminal care$2fast$3(OCoLC)fst01147835 608 $aPeriodical 608 $aperiodicals.$2aat 608 $aPeriodicals.$2fast 608 $aPeriodicals.$2lcgft 608 $aPériodiques.$2rvmgf 615 0$aHospice care 615 0$aTerminal care 615 0$aPalliative treatment. 615 0$aPalliative treatment 615 2$aHospices 615 2$aPalliative Care 615 2$aTerminal Care 615 6$aSoins en phase terminale 615 6$aSoins palliatifs 615 6$aÉquipements de soins en phase terminale. 615 6$aSoins palliatifs. 615 6$aSoins en phase terminale. 615 7$aterminal care facilities. 615 7$aPalliative treatment. 615 7$aHospice care. 615 7$aTerminal care. 676 $a362.1/75 906 $aJOURNAL 912 $a996251294703316 996 $aThe American journal of hospice & palliative care$92425131 997 $aUNISA